000 00383nam a22001697a 4500
003 UA-OsUOA
001 3873
007 ta
008 20050721b un ||||| |||| 00| 0 ukr d
100 _aZakydalsky
700 _aTaras D.
942 _cBK
040 _aUA-OsUOA
_cUA-OsUOA
_dUA-OsUOA
245 _aJournal of Ukrainian Studies Summer 1997
_bPhilosophy
955 _a2
650 7 _2UDC
999 _c290035
_d290035